Normal view
MARC view
- Lipschutz, Seymour.
Entry Personal Name
001 - CONTROL NUMBER
- control field: 3200
003 - CONTROL NUMBER IDENTIFIER
- control field: OSt
005 - DATE AND TIME OF LATEST TRANSACTION
- control field: 20180723121514.0
008 - FIXED-LENGTH DATA ELEMENTS
- fixed length control field: 180723|| aca||aabn | a|a d
040 ## - CATALOGING SOURCE
- Original cataloging agency: OSt
- Transcribing agency: OSt
100 ## - HEADING--PERSONAL NAME
- Personal name: Lipschutz, Seymour.
670 ## - SOURCE DATA FOUND
- Source citation: Work cat.: (OSt)10913: Lipschutz, Seymour., Theory and problems of data structures / , 1986.
